| LEADER |
01227nam0a2200205 450 |
| 001 |
16868150 |
| 010 |
|
|
|a 978-2-35241-410-0
|b cart.
|d 14
|
| 100 |
|
|
|a 20190429d2020 u u0frey01 ba
|
| 101 |
0 |
|
|a fre
|
| 102 |
|
|
|a FR
|
| 200 |
0 |
|
|a Pays au-delà des mers (Le)
|f scénario Stéphane Tamaillon
|g dessin Pierre Uong
|
| 207 |
|
1 |
|a
|
| 215 |
|
|
|a [41] p.
|c illustrations en couleur
|d 30 cm
|
| 330 |
|
|
|a Une tempête les entraîne au large, Canine, Silex, Brom, Grom et elle. Après avoir dérivé plusieurs jours, les cinq rescapés échouent sur des rivages inconnus. Quels sont ces drôles d'animaux qui peuplent cette terre étrangère et pourquoi la tribu qui les accueille refuse-t-elle de chasser et de manger de la viande ? Quand Gazelle, la fille du chef des Patochojigo, est kidnappée par le redoutable clan des Macaques, Liloo s'aventure dans les profondeurs de la jungle pour la sauver et élucider le mystère qui plane sur cet enlèvement.
|
| 461 |
|
0 |
|t Liloo fille des cavernes
|v 03
|
| 700 |
|
0 |
|a Tamaillon
|b Stéphane
|4 70
|
| 701 |
|
0 |
|a Uong
|b Pierre
|4 440
|
| 900 |
|
|
|a Bande Dessinée (enfants)
|
| 901 |
|
|
|a Jeunesse
|
| 995 |
|
|
|a Médiathèque
|c Médiathèque
|f 00156010471027
|h 00156010471027
|k BD LIL
|o p
|q j
|r az
|e Médiathèque
|